[Event "RUS-chT Blitz (Women)"]
[Site "Sochi"]
[Date "2023.10.17"]
[Round "5.8"]
[White "Yusupova, Adel"]
[Black "Budaeva, Victoria"]
[Result "0-1"]
[WhiteElo "1640"]
[BlackElo "1424"]
[PlyCount "62"]
[EventDate "2023.10.17"]
[EventType "team-tourn (blitz)"]
[EventRounds "13"]
[EventCountry "RUS"]
[SourceTitle "Mega2024 Update 01"]
[Source "Chessbase"]
[SourceDate "2023.11.12"]
[SourceVersion "1"]
[SourceVersionDate "2023.11.12"]
[SourceQuality "1"]
[WhiteTeam "Bashkortostan (W)"]
[BlackTeam "Buryatiya (W)"]
[WhiteTeamCountry "RUS"]
[BlackTeamCountry "RUS"]

1. d4 d5 2. c4 dxc4 3. e3 Nf6 4. Bxc4 e6 5. Nf3 c5 6. 0-0 Bd7 7. a4 Nc6 8. Qe2 cxd4 9. exd4 Be7 10. Nc3 0-0 11. Be3 Nb4 12. Ne5 Rc8 13. Nxd7 Qxd7 14. f4 a6 15. g4 Nfd5 16. f5 Nxe3 17. Qxe3 Rxc4 18. fxe6 fxe6 19. Rxf8+ Bxf8 20. Ne2 Nd5 21. Qd3 Rc8 22. Rf1 Qe7 23. Qe4 Nf6 24. Qf3 h6 25. h4 Nd5 26. h5 Qd7 27. Qe4 Bd6 28. Qg6 Rf8 29. Rc1 Bf4 30. Rc2 Be3+ 31. Kh1 Qd6 0-1